000 00385nam a2200169Ia 4500
005 20240823043151.0
008 240823s9999||||xx |||||||||||||| ||und||
041 _aENGLISH
082 _A519
100 _aBalaji G
245 0 _aEngineering Mathematics (Q&A)
250 _a1st
260 _b#VALUE!
500 _aTRANSFERED
650 _aMathematics
_bMathematics
942 _cBK
999 _c209593
_d209593